000 00559nam a2200217Ia 4500
003 OSt
005 20230330093604.0
008 210423s2010 xx 000 0 und d
020 _a9788190832267
040 _cAL
041 _aeng
082 _a541.3
_223
_b VISN
100 _aVISHNOI (N K);SHUKLA (R J).
_979892
245 _aTextbook of physical chemistry. V1.
260 _aNew Delhi
_bAne Books India
_c2010
300 _axii,174
_bPB
365 _b175
_cINR
440 _v1
906 _achemistry. ; physical ; Textbook ; V1.
942 _2ddc
_cBK
999 _c154523
_d154523